[Event "Attica-ch U16 Girls"]
[White "Anastasopoulou, S."]
[Black "Stelianiti, E."]
[Site "Athens"]
[Round "1"]
[Result "0-1"]
[Date "2008.01.02"]
[WhiteElo "1000"]
[BlackElo "1285"]
[PlyCount "58"]
[EventDate "2008.01.02"]
[EventType "swiss"]
[EventRounds "7"]
[EventCountry "GRE"]
[SourceTitle "EXT 2011"]
[Source "ChessBase"]
[SourceDate "2010.11.26"]
[SourceVersion "1"]
[SourceVersionDate "2010.11.26"]
[SourceQuality "1"]

1. e4 e5 2. Nf3 Nc6 3. Nc3 Nf6 4. Bb5 Bb4 5. d3 h6 6. 0-0 d6 7. Be3 Bg4 8. a3 Bxc3 9. bxc3 0-0 10. Rb1 Ne7 11. Bc4 d5 12. Bb3 dxe4 13. dxe4 Nxe4 14. Qe1 Bxf3 15. gxf3 Nd6 16. Qd2 Ndf5 17. Bc4 Nxe3 18. Qxe3 Nf5 19. Qxe5 Qg5+ 20. Kh1 Rae8 21. Qd5 c6 22. Qd3 Nh4 23. Rg1 Qf6 24. Rxb7 Nxf3 25. Rg3 Ne5 26. Qe2 Nxc4 27. Qxc4 Qxf2 28. Rg1 Qf3+ 29. Rg2 Re1+ 0-1